| 000 | 00534nam a2200181 i 4500 | ||
|---|---|---|---|
| 001 | 101742 | ||
| 003 | ES-MaACL | ||
| 005 | 20230906182952.0 | ||
| 007 | t| | ||
| 008 | 051025s1973 sp ||||1| spa d | ||
| 100 | 1 |
_aMelero, Santiago. _979944 |
|
| 245 | 1 | 0 |
_aA la vera del Pisuerga / _cSantiago Melero. |
| 260 |
_aValladolid : _bDiputación Provincial, _c1973. |
||
| 300 |
_a294 p. ; _c22 cm. |
||
| 710 | 0 |
_aValladolid (Provincia). _bDiputación _97542 |
|
| 852 |
_aES-MaACL _jC-53866 _bR.86616 |
||
| 999 |
_c101742 _d101742 |
||